Célébrités québécoises - Statistiques

Statistiques générales
  • Ce quiz a été pris 43 fois
  • Le résultat moyen est 8 sur 16
Statistiques - réponses
Par images Hint Réponse % Correct
Chanteuse Céline Dion
100%
Chanteuse Charlotte Cardin
82%
Réalisateur Denis Villeneuve
63%
Humouriste Anthony Kavanagh
58%
Chanteuse Ginette Reno
58%
Athlète Gilles Villeneuve
55%
Animatrice Julie Snyder
53%
Réalisateur Xavier Dolan
53%
Humoriste Sugar Sammy
50%
Animateur Jean-René Dufort
42%
Journaliste et écrivaine Janette Bertrand
37%
Athlète Marie-Philip Poulin
37%
Actrice Sophie Nélisse
37%
Animateur Paul Arcand
26%
Actrice et réalisatrice Charlotte Le Bon
21%
Athlète Luguentz Dort
11%
Aucun quiz correspondant
Distribution des résultats
% des personnes avec chaque résultat
Percentile par nombre de réponses
Votre historique - résultats
Vous n’avez pas pris ce quiz